00417nam a22001337a 4500003000500000038001800005082000800023100001800031245008600049264003300135650002100168700003700189856005700226NUST aNusrat Nadeem a200 aAhmad, Faizan aMarket Places & Marketing Strategies Using Blockchain Technology/cFaizan Ahmad,  aIslamabad:bNBS NUST.c2025. a  Executive MBA aSupervisor: Dr. Khan Burhan Khan uhttp://10.250.8.41:8080/xmlui/handle/123456789/55237